Zusammenhänge zwischen den Quellen der Summa legum Raymundi und der Decretum Gratiani
Elmentve itt :
| Szerző: | |
|---|---|
| Testületi szerző: | |
| Dokumentumtípus: | Könyv része |
| Megjelent: |
2020
|
| Sorozat: | Lectiones iuridicae
27 Centenaria : ende des langen 19. Jahrhunderts = The end of the long 19th century : konferenz Szeged, 5-7. Dezember 2018 27 |
| Kulcsszavak: | Jogtörténet |
| Tárgyszavak: | |
| Online Access: | http://acta.bibl.u-szeged.hu/72821 |
| LEADER | 01004naa a2200241 i 4500 | ||
|---|---|---|---|
| 001 | acta72821 | ||
| 005 | 20220107132441.0 | ||
| 008 | 210505s2020 hu o 0|| ger d | ||
| 020 | |a 978-615-5411-88-5 | ||
| 022 | |a 2062-5588 | ||
| 040 | |a SZTE Egyetemi Kiadványok Repozitórium |b hun | ||
| 041 | |a ger | ||
| 100 | 1 | |a Blazovich László | |
| 245 | 1 | 0 | |a Zusammenhänge zwischen den Quellen der Summa legum Raymundi und der Decretum Gratiani |h [elektronikus dokumentum] / |c Blazovich László |
| 260 | |c 2020 | ||
| 300 | |a 31-37 | ||
| 490 | 0 | |a Lectiones iuridicae |v 27 | |
| 490 | 0 | |a Centenaria : ende des langen 19. Jahrhunderts = The end of the long 19th century : konferenz Szeged, 5-7. Dezember 2018 |v 27 | |
| 650 | 4 | |a Társadalomtudományok | |
| 650 | 4 | |a Jogtudomány | |
| 695 | |a Jogtörténet | ||
| 710 | |a Centenaria : ende des langen 19. Jahrhunderts = The end of the long 19th century (2018) (Szeged) | ||
| 856 | 4 | 0 | |u http://acta.bibl.u-szeged.hu/72821/1/lectiones_iuridicae_027_031-037.pdf |z Dokumentum-elérés |